00715nam a2200205 i 4500001000700000003000900007007000300016008004100019080002100060100004000081245003900121260003800160300002200198490003900220500002900259830004700288852003300335999001900368952012200387105577ES-MaACLt|060726s1959 ag ||||1| spa d a821.134.2-31"19"0 aBastid, Ricardo, d1919-196692636710aPuerta del Sol / cRicardo Bastid. aBuenos Aires : bLosada, c[1959] a299 p. ; c21 cm.1 aNovelistas de España y América aBiblioteca Juan Andrade.0 aNovelistas de España y América9185060 aES-MaACLjAND-384 bR.109688 c105577d105577 00104070aATENEOMbATENEOMcDEPO2d2008-01-17eSCl0oAND-384p1110227r2023-02-23 00:00:00w2023-02-23yMONOGRAFIA